[Event "AUTO-OPEN-2685"]
[Site "http://www.queenalice.com/game.php?id=1059487"]
[Date "2012.5.14"]
[Round "1"]
[White "attachui"]
[Black "Rodrigo_Lins"]
[Result "1-0"]
[WhiteElo "2139"]
[BlackElo "1089"]

1. d4 d5 2. c4 e6 3. Nc3 h6 4. Nf3 Nf6 5. Bf4 Nc6 6. a3 Bd6 7. Ne5 O-O 8. e3 a6
9. b4 Bxe5 10. dxe5 Nd7 11. cxd5 Ncxe5 12. dxe6 fxe6 13. Qb3 Qf6 14. Ne4 Nf3+
15. gxf3 Qxa1+ 16. Ke2 Nf6 17. Bg2 1-0

[Event "AUTO-OPEN-2685"]
[Site "http://www.queenalice.com/game.php?id=1059488"]
[Date "2012.5.14"]
[Round "1"]
[White "Rodrigo_Lins"]
[Black "attachui"]
[Result "0-1"]
[WhiteElo "1082"]
[BlackElo "2137"]

1. e4 c5 2. Nf3 d6 3. d4 cxd4 4. Nxd4 Nf6 5. Nc3 a6 6. Be3 e6 7. a3 Qc7 8. Bd3
d5 9. exd5 Nxd5 10. Nxd5 exd5 11. O-O Bd6 12. h3 Nc6 13. Qf3 Nxd4 14. Bxd4 O-O
15. Qxd5 Rd8 16. Qe4 f5 17. Qh4 Be6 0-1

[Event "AUTO-BEG-541"]
[Site "http://www.queenalice.com/game.php?id=1059858"]
[Date "2012.5.15"]
[Round "1"]
[White "joao37"]
[Black "Rodrigo_Lins"]
[Result "1-0"]
[WhiteElo "1288"]
[BlackElo "1109"]

1. e4 c5 2. Qf3 d6 3. Bc4 e6 4. Bb5+ Bd7 5. Nc3 Nc6 6. d3 Nd4 7. Qg3 Bxb5 8. Rb1
Bc6 9. Nge2 Nxc2+ 10. Kd1 Nd4 11. Bg5 Nf6 12. Nxd4 cxd4 13. Ne2 Be7 14. Nxd4 h6
15. Bh4 g5 16. Bxg5 hxg5 17. Qxg5 Qb6 18. Nb3 O-O-O 19. Qg7 Rdf8 20. f3 Ba4 21.
Rc1+ Kb8 22. g4 Bxb3+ 23. axb3 1-0

[Event "AUTO-BEG-541"]
[Site "http://www.queenalice.com/game.php?id=1059859"]
[Date "2012.5.15"]
[Round "1"]
[White "Rodrigo_Lins"]
[Black "joao37"]
[Result "1-0"]
[WhiteElo "1087"]
[BlackElo "1290"]

1. e4 e5 2. Nf3 d6 3. h3 Nf6 4. d3 d5 5. exd5 Nxd5 6. Nxe5 Qd6 7. Qe2 f6 8. Ng6+
Be7 9. Nxh8 Be6 10. Nc3 Qb4 11. Qxe6 Nc6 12. Qxd5 Rd8 13. Qe4 Qd6 14. Bf4 Qc5
15. Be2 Nb4 16. Bd1 f5 17. Qxb7 a6 18. Qxc7 Qd4 19. O-O Qf6 20. Re1 Qf8 21. Bh5+
g6 22. Nxg6 1-0

[Event "AUTO-BEG-541"]
[Site "http://www.queenalice.com/game.php?id=1059866"]
[Date "2012.5.15"]
[Round "1"]
[White "ac2012"]
[Black "Rodrigo_Lins"]
[Result "1/2-1/2"]
[WhiteElo "1622"]
[BlackElo "1045"]

1. e4 c5 2. Nc3 d6 3. h3 Nf6 4. d3 Nc6 5. Bd2 g6 6. Bg5 Bg7 7. Qd2 O-O 8. Bh6 a6
9. Nf3 b5 10. a3 b4 11. axb4 cxb4 12. Ne2 a5 13. Ned4 Nxd4 14. Nxd4 Nd7 15. Bxg7
Kxg7 16. Nc6 Qe8 17. Rxa5 Bb7 18. Rxa8 Qxa8 19. Nxe7 Qa1+ 20. Qd1 Qxb2 21. Nd5
Bxd5 22. exd5 Qe5+ 23. Be2 Qxd5 24. O-O Nf6 25. Qd2 Rb8 26. Rb1 b3 27. Rxb3 Rxb3
28. cxb3 Qxb3 29. Qd1 Qc3 30. g3 d5 1/2-1/2

[Event "AUTO-BEG-541"]
[Site "http://www.queenalice.com/game.php?id=1059867"]
[Date "2012.5.15"]
[Round "1"]
[White "Rodrigo_Lins"]
[Black "ac2012"]
[Result "1-0"]
[WhiteElo "1059"]
[BlackElo "1612"]

1. e4 e5 2. Nf3 Nf6 3. Bc4 Nc6 4. h3 h6 5. O-O Nxe4 6. Re1 d5 7. Bb5 Bd7 8. Bxc6
Bxc6 9. d3 Nf6 10. Nxe5 Qd6 11. Nc4+ Qe7 12. Rxe7+ Bxe7 13. Ne5 Bb5 14. Nc3 Ba6
15. Bf4 Bd6 16. Qe2 O-O 17. Qf3 c6 18. Qg3 Nh5 19. Qg4 Nxf4 20. Qxf4 f6 21. Qd2
fxe5 22. a3 Rf7 23. f3 b5 24. Re1 Bb7 25. d4 exd4 26. Qxd4 c5 27. Qg4 a6 28. Qe6
Rd8 29. Rd1 d4 30. Ne4 Bb8 31. Nxc5 Bd5 32. Qxa6 Rdf8 33. Rxd4 Bxf3 34. gxf3
Rxf3 35. Rd1 Rxh3 36. Qe6+ 1-0

[Event "AUTO-OPEN-2686"]
[Site "http://www.queenalice.com/game.php?id=1059983"]
[Date "2012.5.15"]
[Round "1"]
[White "abreuchess"]
[Black "Rodrigo_Lins"]
[Result "1-0"]
[WhiteElo "1654"]
[BlackElo "976"]

1. e4 c5 2. Nf3 d6 3. d4 cxd4 4. Nxd4 Nc6 5. Be2 Nf6 6. Nc3 a6 7. Be3 e5 8. Nb3
h6 9. O-O Be7 10. f4 exf4 11. Bxf4 Ne5 12. Qe1 Be6 13. Rd1 Qb6+ 14. Kh1 O-O-O
15. Nd5 Bxd5 16. exd5 g5 17. Bxe5 dxe5 18. Qc3+ Qc7 19. d6 Qxc3 20. bxc3 Ne4 21.
dxe7 Rxd1 22. Bxd1 Nxc3 23. Bg4+ Kb8 24. Rxf7 1-0

[Event "AUTO-OPEN-2686"]
[Site "http://www.queenalice.com/game.php?id=1059984"]
[Date "2012.5.15"]
[Round "1"]
[White "Rodrigo_Lins"]
[Black "abreuchess"]
[Result "0-1"]
[WhiteElo "976"]
[BlackElo "1817"]

1. e4 c5 2. Nf3 d6 3. d4 cxd4 4. Nxd4 Nf6 5. Nc3 a6 6. Be3 e5 7. Nb3 Be6 8. Be2
Nbd7 9. O-O Nb6 10. Bxb6 Qxb6 11. Kh1 Be7 12. f4 Rc8 13. f5 Bd7 14. Rc1 O-O 15.
Nd5 Nxd5 16. Qxd5 Bc6 17. Qd3 Bg5 18. Rcd1 Rfd8 19. Qg3 Bf4 20. Qg4 Bxe4 21. f6
Bg6 22. Bd3 gxf6 23. h4 h5 24. Qh3 Kg7 25. Qf3 Qe3 26. Qxe3 Bxe3 27. Rf3 Bb6 28.
Rdf1 e4 29. Bxe4 Bxe4 0-1

[Event "AUTO-OPEN-2686"]
[Site "http://www.queenalice.com/game.php?id=1060013"]
[Date "2012.5.15"]
[Round "1"]
[White "Timbira"]
[Black "Rodrigo_Lins"]
[Result "1-0"]
[WhiteElo "1606"]
[BlackElo "1111"]

1. e4 c5 2. Nf3 d6 3. Bb5+ Nc6 4. d4 cxd4 5. Nxd4 Bd7 6. Nc3 a6 7. Bc4 Nf6 8.
O-O g6 9. Kh1 Bg7 10. f4 Nxe4 11. Nxc6 Bxc6 12. Nd5 e6 13. Ne3 d5 14. Bd3 Nd6
15. Ng4 O-O 16. Ne5 Bxe5 17. fxe5 Nf5 18. Bxf5 exf5 19. Bh6 Re8 20. Qd4 Re6 21.
Rad1 Qe7 22. h4 Re8 23. Bg5 Qc7 24. Bf6 h5 25. Qd2 Kh7 26. Qg5 Qb6 27. Rxf5 Rg8
28. Rdf1 1-0

[Event "AUTO-OPEN-2686"]
[Site "http://www.queenalice.com/game.php?id=1060014"]
[Date "2012.5.15"]
[Round "1"]
[White "Rodrigo_Lins"]
[Black "Timbira"]
[Result "0-1"]
[WhiteElo "1090"]
[BlackElo "1728"]

1. e4 e5 2. Nf3 Nf6 3. Bc4 Nxe4 4. Qe2 Nd6 5. Nxe5 Qe7 6. Bb3 Nc6 7. Nxc6 dxc6
8. Qxe7+ Bxe7 9. d3 O-O 10. Nc3 Bf6 11. O-O Bf5 12. Bd2 Rfe8 13. Rfe1 Nb5 14.
Nxb5 cxb5 15. Bf4 Bxb2 16. Rab1 Bc3 17. Re3 c6 18. Bd6 Bd4 19. Rf3 Bg6 20. c4 a6
21. c5 Re2 22. h3 Rae8 23. Rd1 Rb2 24. Rf4 Bf6 25. Rf3 Ree2 26. Rf4 a5 0-1